Μικροί και μεγάλοι
Αποθηκεύτηκε σε:
| Κύριος συγγραφέας: | |
|---|---|
| Μορφή: | Βιβλίο |
| Γλώσσα: | Greek |
| Δημοσίευση: |
[Αθήνα;] :
Γκοβόστης,
[19--;].
|
| Θέματα: | |
| Ετικέτες: |
Προσθήκη ετικέτας
Δεν υπάρχουν, Καταχωρήστε ετικέτα πρώτοι!
|
MARC
| LEADER | 00000cam a2200000 a 4500 | ||
|---|---|---|---|
| 001 | 1/118154 | ||
| 008 | 190301n19--####gr | ||| |||| ||gre|| | ||
| 040 | |a GR-MyUa |b gre |c GR-MyUa |e AACR2 | ||
| 041 | 0 | |a gre | |
| 082 | 7 | |a 889.3 |2 (23) | |
| 100 | 1 | |a Μοσκόβης, Βασίλης Ε., |d 1915-1994. | |
| 245 | 1 | 0 | |a Μικροί και μεγάλοι / |c Βασίλη Μοσκόβη. |
| 260 | |a [Αθήνα;] : |b Γκοβόστης, |c [19--;]. | ||
| 300 | |a 125 σ. ; |c 17 εκ. | ||
| 650 | 0 | |a Greek fiction, Modern |y 20th century. | |
| 650 | 0 | |a Greek literature, Modern |y 20th century. | |
| 852 | |a INST |b RHODES |c AKA |e 20190301 |h 889.3 ΜΟΣ |p 005400040482 |q 005400040482 |t BK |y 0 | ||
| 970 | |a Μαρία |b Κωτάκου |z 01-03-2019 | ||